[Event "Ulaanbaatar Ikh Nuudel op"]
[Site "Ulaanbaatar"]
[Date "2016.10.05"]
[Round "9"]
[White "Munkhzul, Turmunkh"]
[Black "Sarantungalag, Sengeebaatar"]
[Result "1/2-1/2"]
[WhiteElo "2023"]
[BlackElo "1946"]
[PlyCount "125"]
[EventDate "2016.09.29"]
[EventType "swiss"]
[EventRounds "9"]
[EventCountry "MGL"]
[SourceTitle "CBM 174 Extra"]
[Source "ChessBase"]
[SourceDate "2016.10.10"]
[SourceVersion "1"]
[SourceVersionDate "2016.10.10"]
[SourceQuality "1"]

1. e4 e5 2. Nf3 Nc6 3. Nc3 Bc5 4. Bc4 d6 5. h3 Nf6 6. d3 a6 7. 0-0 h6 8. Bb3 Be6 9. Be3 Qd7 10. Bxe6 Qxe6 11. d4 exd4 12. Nxd4 Nxd4 13. Bxd4 0-0-0 14. Bxc5 dxc5 15. Qe2 g5 16. f4 Rhg8 17. Rae1 g4 18. h4 Qb6 19. Na4 Qc6 20. b3 Rd4 21. Nc3 Re8 22. e5 h5 23. Rd1 Ne4 24. Nxe4 Rxe4 25. Qd3 f5 26. Rd2 Kb8 27. Re2 b6 28. Qxa6 Rd8 29. a4 c4 30. Ref2 Qc5 31. g3 Re3 32. Kh2 cxb3 33. cxb3 Rdd3 34. Rg2 Qc3 35. Qc4 Rxg3 36. Qxc3 Rh3+ 37. Kg1 Rxc3 38. Re1 Kc8 39. e6 Kd8 40. e7+ Ke8 41. Rd2 Rhg3+ 42. Kh2 Rge3 43. Rxe3 Rxe3 44. Rd5 Kxe7 45. Rxf5 Rh3+ 46. Kg2 Rxh4 47. Re5+ Kf6 48. a5 bxa5 49. Rxa5 Rh3 50. Rc5 h4 51. Rg5 Rxb3 52. Rxg4 h3+ 53. Kh2 c5 54. Rg5 Rc3 55. Re5 c4 56. Kg1 Rc1+ 57. Kh2 c3 58. Rc5 c2 59. f5 Kg5 60. f6+ Kxf6 61. Rc8 Ke7 62. Rc3 Kd6 63. Rc8 1/2-1/2

[Event "Ulaanbaatar Ikh Nuudel op"]
[Site "Ulaanbaatar"]
[Date "2016.10.01"]
[Round "3"]
[White "Tuvsanaa, Nyamaa"]
[Black "Sarantungalag, Sengeebaatar"]
[Result "1-0"]
[WhiteElo "2210"]
[BlackElo "1946"]
[PlyCount "67"]
[EventDate "2016.09.29"]
[EventType "swiss"]
[EventRounds "9"]
[EventCountry "MGL"]
[SourceTitle "CBM 174 Extra"]
[Source "ChessBase"]
[SourceDate "2016.10.10"]
[SourceVersion "1"]
[SourceVersionDate "2016.10.10"]
[SourceQuality "1"]

1. d4 Nf6 2. c4 g6 3. Nc3 Bg7 4. e4 d6 5. Nge2 0-0 6. Ng3 Nc6 7. d5 Nb8 8. Be2 e5 9. 0-0 Ne8 10. f4 exf4 11. Bxf4 Nd7 12. Qd2 Ne5 13. Bg5 f6 14. Bh6 Bg4 15. b3 Rf7 16. Rad1 c6 17. h3 Bd7 18. Bxg7 Rxg7 19. c5 dxc5 20. dxc6 Nxc6 21. Qd5+ Kh8 22. Qxc5 Qc7 23. Bc4 h5 24. e5 Nxe5 25. Qf8+ Kh7 26. Nge4 Qc6 27. Nd5 Rc8 28. Rxf6 Nxf6 29. Ndxf6+ Kh6 30. Ng8+ Kh7 31. Qf4 Rcxg8 32. Nf6+ Qxf6 33. Qxf6 Nxc4 34. bxc4 1-0

[Event "MGL-ch (Women) 47th"]
[Site "Ulaanbaatar"]
[Date "2015.04.21"]
[Round "6"]
[White "Otgonjargal, Sengeravdan"]
[Black "Sarantungalag, Sengeebaatar"]
[Result "1-0"]
[WhiteElo "2225"]
[BlackElo "1986"]
[PlyCount "151"]
[EventDate "2015.04.18"]
[EventType "tourn"]
[EventRounds "11"]
[EventCountry "MGL"]
[SourceTitle "CBM 166 Extra"]
[Source "ChessBase"]
[SourceDate "2015.06.18"]
[SourceVersion "1"]
[SourceVersionDate "2015.06.18"]
[SourceQuality "1"]

1. e4 e5 2. Nf3 Nc6 3. Bc4 Bc5 4. Qe2 d6 5. c3 h6 6. 0-0 Nf6 7. Rd1 Bg4 8. h3 Bh5 9. d3 0-0 10. Nbd2 Re8 11. Nf1 d5 12. Bb3 Bg6 13. Ng3 dxe4 14. dxe4 Nd7 15. Nh2 Bd6 16. Ng4 Nf6 17. Ne3 Qc8 18. Nef5 Bf8 19. Qf3 Na5 20. Nxh6+ gxh6 21. Qxf6 Nxb3 22. axb3 Bg7 23. Qf3 Qe6 24. c4 a6 25. Be3 Kh7 26. Rd2 b5 27. Qe2 Qc6 28. Rd5 Rab8 29. Rc1 b4 30. Rcd1 Bf8 31. h4 h5 32. Qf3 Be7 33. Nf5 Bf8 34. Rd7 Re6 35. R7d5 Qe8 36. Ng3 f6 37. Nf5 Kh8 38. Qe2 Bxf5 39. exf5 Rd6 40. Rxd6 cxd6 41. Qf3 Qf7 42. Ra1 Rd8 43. Rxa6 d5 44. Ra7 Be7 45. cxd5 Qe8 46. Qe4 Rc8 47. d6 Bxd6 48. Qd5 Bc7 49. Qb7 Qg8 50. Bb6 Bb8 51. Ra1 Re8 52. Bc5 Qxb3 53. Qxb4 Qd3 54. Qa4 Rg8 55. Qd1 Qxf5 56. Ra3 e4 57. b4 Be5 58. g3 Qg6 59. Kg2 Re8 60. Qd7 Rg8 61. Qd1 Qe8 62. Qd2 Qg6 63. b5 Qf5 64. Qh6+ Qh7 65. Qxh7+ Kxh7 66. b6 Rb8 67. Rb3 Rb7 68. Ra3 Kg6 69. Ra7 Rb8 70. Re7 Kf5 71. b7 Rg8 72. Rxe5+ Kxe5 73. Ba7 f5 74. b8Q+ Rxb8 75. Bxb8+ Kd4 76. Bf4 1-0

[Event "MGL-ch (Women) 45th"]
[Site "Ulaanbaatar"]
[Date "2013.04.11"]
[Round "10"]
[White "Ankhchimeg, Bayanmunkh"]
[Black "Sarantungalag, Sengeebaatar"]
[Result "1-0"]
[WhiteElo "2164"]
[BlackElo "1943"]
[PlyCount "115"]
[EventDate "2013.04.06"]
[EventType "tourn"]
[EventRounds "13"]
[EventCountry "MGL"]
[SourceTitle "CBM 153 Extra"]
[Source "ChessBase"]
[SourceDate "2013.04.22"]
[SourceVersion "1"]
[SourceVersionDate "2013.04.22"]
[SourceQuality "1"]

1. e4 e5 2. Nf3 Nf6 3. Nc3 Nc6 4. d4 exd4 5. Nxd4 Nxd4 6. Qxd4 d6 7. Nd5 Be7 8. Bb5+ Bd7 9. Nxe7 Qxe7 10. Bxd7+ Nxd7 11. Bd2 c5 12. Qe3 0-0 13. 0-0 Ne5 14. Bc3 b5 15. b3 a5 16. Rad1 Rfd8 17. Rd5 f6 18. Rfd1 a4 19. Bxe5 dxe5 20. Qd3 Rdb8 21. Rd7 Qf8 22. h4 axb3 23. axb3 h6 24. Kh2 Kh7 25. f4 Re8 26. f5 b4 27. Qd5 Rac8 28. Ra1 Re7 29. Raa7 Rxd7 30. Rxd7 Kh8 31. Kg3 Qe8 32. Kf2 Qf8 33. Ke3 Ra8 34. Kd3 Kh7 35. Kc4 Rc8 36. Rf7 Qg8 37. Rd7 Qe8 38. Qe6 Qf8 39. Qd6 Qg8+ 40. Qd5 Qe8 41. Kd3 Qh5 42. Rxg7+ Kxg7 43. Qd7+ Qf7 44. Qxc8 Qh5 45. Qd7+ Kf8 46. Kc4 Qxh4 47. Kd5 Qg5 48. Ke6 Qg8+ 49. Kxf6 Qh8+ 50. Ke6 Qg8+ 51. Kxe5 Qxg2 52. Qd6+ Kf7 53. Qe6+ Kg7 54. f6+ Kh7 55. Qf5+ Kg8 56. Ke6 Qg3 57. f7+ Kf8 58. Qxc5+ 1-0

[Event "MGL-ch (Women) 44th"]
[Site "Arvaikheer"]
[Date "2012.04.02"]
[Round "3"]
[White "Sarantungalag, Sengeebaatar"]
[Black "Enkhtuul, Altanulzii"]
[Result "1-0"]
[WhiteElo "1991"]
[BlackElo "2176"]
[PlyCount "188"]
[EventDate "2012.04.01"]
[EventType "tourn"]
[EventRounds "13"]
[EventCountry "MGL"]
[SourceTitle "EXT 2013"]
[Source "ChessBase"]
[SourceDate "2012.11.22"]
[SourceVersion "1"]
[SourceVersionDate "2012.11.22"]
[SourceQuality "1"]

1. e4 Nf6 2. e5 Nd5 3. d4 d6 4. c4 Nb6 5. Nf3 Bg4 6. Be2 e6 7. 0-0 Be7 8. Nc3 0-0 9. Be3 N8d7 10. exd6 cxd6 11. b3 d5 12. c5 Bxf3 13. Bxf3 Nc8 14. b4 Bf6 15. Rc1 Ne7 16. b5 a6 17. b6 Nf5 18. Qd3 g6 19. g3 Nb8 20. Ne2 h5 21. Nf4 Nc6 22. Ne2 Re8 23. Rfd1 Qe7 24. Bg2 Rad8 25. f4 Nh6 26. Bh3 Kg7 27. Kg2 Nf5 28. Bxf5 exf5 29. Kf2 h4 30. Ng1 Qf8 31. Nf3 Qh8 32. Rh1 Re4 33. Ne5 Bxe5 34. fxe5 Qh5 35. Qd2 Qg4 36. Rcd1 Rh8 37. Qe2 hxg3+ 38. hxg3 Rxh1 39. Rxh1 Qxe2+ 40. Kxe2 Nxd4+ 41. Kf2 Nc6 42. Bh6+ Kg8 43. Bf4 Rc4 44. Ke2 Nd4+ 45. Kd3 Ne6 46. Be3 Nxc5+ 47. Bxc5 Rxc5 48. a4 Rc4 49. a5 Kg7 50. Ra1 g5 51. Re1 Ra4 52. Rc1 Rxa5 53. Rc7 Kg6 54. Rxb7 Rb5 55. Rb8 Kh5 56. Kd4 a5 57. Rf8 Kg6 58. Rg8+ Kh5 59. Rg7 Rxb6 60. Rxf7 Kg6 61. Rf8 g4 62. Kxd5 Rb5+ 63. Kd6 Rb6+ 64. Kc5 Rb3 65. e6 Re3 66. Kd6 Rd3+ 67. Ke5 Re3+ 68. Kd6 Rxg3 69. e7 Rd3+ 70. Kc5 Re3 71. e8Q+ Rxe8 72. Rxe8 Kg5 73. Kd4 Kf4 74. Kd3 Kf3 75. Re3+ Kf2 76. Re2+ Kf3 77. Re3+ Kf2 78. Re2+ Kg3 79. Kd2 a4 80. Ke1 f4 81. Kf1 f3 82. Ra2 a3 83. Rxa3 Kh2 84. Ra2+ Kh1 85. Kf2 Kh2 86. Ra8 g3+ 87. Kxf3 g2 88. Rh8+ Kg1 89. Kg3 Kf1 90. Rf8+ Kg1 91. Ra8 Kh1 92. Rh8+ Kg1 93. Rh2 Kf1 94. Rxg2 Ke1 1-0

[Event "MGL-ch (Women)"]
[Site "Ulaanbaatar"]
[Date "2009.04.20"]
[Round "12"]
[White "Enkhtuul, Altanulzii"]
[Black "Sarantungalag, Sengeebaatar"]
[Result "1-0"]
[WhiteElo "2036"]
[BlackElo "2015"]
[PlyCount "63"]
[EventDate "2009.04.11"]
[EventType "tourn"]
[EventRounds "13"]
[EventCountry "MGL"]
[SourceTitle "CBM 130 Extra"]
[Source "ChessBase"]
[SourceDate "2009.07.02"]
[SourceVersion "2"]
[SourceVersionDate "2009.07.15"]
[SourceQuality "1"]

1. e4 e5 2. Nf3 Nc6 3. c3 d5 4. Qa4 Qd7 5. Bb5 f6 6. 0-0 a6 7. d3 Nge7 8. Re1 Rb8 9. Bxc6 Nxc6 10. exd5 Qxd5 11. d4 b5 12. Qb3 Qd6 13. dxe5 Nxe5 14. Nxe5 fxe5 15. Bf4 Be7 16. Bxe5 Qg6 17. Bxc7 Bb7 18. Bg3 Rd8 19. Na3 Bd5 20. Qc2 Qf6 21. Qe2 Rd7 22. Qg4 h5 23. Qh3 h4 24. Nc2 Bc6 25. Re6 Qg5 26. Rxc6 Qd5 27. Nd4 0-0 28. Bxh4 Bxh4 29. Qxh4 Rdf7 30. Rf1 Rf4 31. Qg3 Rxd4 32. Rc7 1-0

[Event "MGL-ch (Women)"]
[Site "Ulaanbaatar"]
[Date "2009.04.19"]
[Round "10"]
[White "Bayarmaa, Bayarjargal"]
[Black "Sarantungalag, Sengeebaatar"]
[Result "1-0"]
[WhiteElo "1867"]
[BlackElo "2015"]
[PlyCount "88"]
[EventDate "2009.04.11"]
[EventType "tourn"]
[EventRounds "13"]
[EventCountry "MGL"]
[SourceTitle "CBM 130 Extra"]
[Source "ChessBase"]
[SourceDate "2009.07.02"]
[SourceVersion "2"]
[SourceVersionDate "2009.07.15"]
[SourceQuality "1"]

1. d4 Nf6 2. Bg5 g6 3. Bxf6 exf6 4. c4 f5 5. Nc3 Bg7 6. e3 0-0 7. Bd3 f4 8. Nf3 fxe3 9. fxe3 Nc6 10. 0-0 f5 11. Qd2 Nb4 12. Rae1 Nxd3 13. Qxd3 d6 14. d5 Bd7 15. Nd4 Qf6 16. Rf2 a6 17. Ref1 Rae8 18. Rf3 Qe5 19. Nd1 f4 20. Rxf4 Rxf4 21. Rxf4 Bh6 22. Rh4 Bxe3+ 23. Nxe3 Qxe3+ 24. Qxe3 Rxe3 25. Kf2 Re7 26. Rf4 Rf7 27. Ke3 c5 28. Nf3 Bf5 29. g4 Re7+ 30. Kd2 Bb1 31. a3 b5 32. b4 Ba2 33. Rf6 Rd7 34. bxc5 dxc5 35. Ne5 Rd8 36. d6 Bxc4 37. Nxc4 bxc4 38. Kc3 Kg7 39. g5 Re8 40. Kxc4 Re4+ 41. Kxc5 Re5+ 42. Kc6 Rxg5 43. d7 Kxf6 44. d8Q+ Kf5 1-0

[Event "MGL-ch (Women)"]
[Site "Ulaanbaatar"]
[Date "2009.04.19"]
[Round "11"]
[White "Sarantungalag, Sengeebaatar"]
[Black "Anu, Bayar"]
[Result "1-0"]
[WhiteElo "2015"]
[BlackElo "1855"]
[PlyCount "83"]
[EventDate "2009.04.11"]
[EventType "tourn"]
[EventRounds "13"]
[EventCountry "MGL"]
[SourceTitle "CBM 130 Extra"]
[Source "ChessBase"]
[SourceDate "2009.07.02"]
[SourceVersion "2"]
[SourceVersionDate "2009.07.15"]
[SourceQuality "1"]

1. e4 e5 2. Nf3 Nc6 3. Bb5 a6 4. Ba4 Nf6 5. 0-0 b5 6. Bb3 Be7 7. Re1 0-0 8. c3 d6 9. h3 Na5 10. Bc2 c5 11. d4 Nc6 12. d5 Na5 13. Nbd2 g6 14. Nf1 Nh5 15. Bh6 Re8 16. Qc1 Bd7 17. g4 Ng7 18. Ng3 Qc7 19. b3 Nb7 20. Nh2 Nd8 21. f4 Bh4 22. Kg2 f6 23. Nf3 Bxg3 24. Kxg3 Nf7 25. f5 g5 26. h4 Nxh6 27. hxg5 fxg5 28. Rh1 Nf7 29. Nxg5 Nxg5 30. Qxg5 Rf8 31. f6 Rf7 32. Rh6 Kh8 33. Rah1 Ne8 34. Bd1 Qa5 35. Qg6 Qxc3+ 36. Bf3 Nxf6 37. Qxf7 Nxe4+ 38. Kh4 Ng5 39. Qf6+ Kg8 40. Qxg5+ Kh8 41. Rxh7+ Kxh7 42. Kg3# 1-0

[Event "MGL-ch (Women)"]
[Site "Ulaanbaatar"]
[Date "2009.04.15"]
[Round "6"]
[White "Otgonjargal, Sengeravdan"]
[Black "Sarantungalag, Sengeebaatar"]
[Result "1/2-1/2"]
[WhiteElo "2142"]
[BlackElo "2015"]
[PlyCount "107"]
[EventDate "2009.04.11"]
[EventType "tourn"]
[EventRounds "13"]
[EventCountry "MGL"]
[SourceTitle "CBM 130 Extra"]
[Source "ChessBase"]
[SourceDate "2009.07.02"]
[SourceVersion "2"]
[SourceVersionDate "2009.07.15"]
[SourceQuality "1"]

1. e4 e5 2. d4 exd4 3. Qxd4 Nc6 4. Qe3 Nf6 5. Bd2 Be7 6. Nc3 d5 7. exd5 Nxd5 8. Qg3 Nxc3 9. Bxc3 Bf6 10. Bb5 0-0 11. Ne2 Bxc3+ 12. Qxc3 Qg5 13. Bxc6 bxc6 14. 0-0 Ba6 15. Rfe1 c5 16. Ng3 Rae8 17. Rxe8 Rxe8 18. Re1 Rxe1+ 19. Qxe1 h5 20. h4 Qd5 21. Qe8+ Kh7 22. Qe4+ Qxe4 23. Nxe4 c4 24. c3 Kg6 25. f3 Bb7 26. Ng3 Kh6 27. Nf5+ Kh7 28. Ne3 Ba6 29. Kf2 f6 30. Kg3 c6 31. Kf4 Kh6 32. Nf5+ Kh7 33. Nd6 Bb5 34. Kf5 Kh6 35. g4 Ba4 36. g5+ fxg5 37. hxg5+ Kh7 38. g6+ Kg8 39. Kg5 Bd1 40. f4 Be2 41. Nf5 Bd3 42. Ne7+ Kf8 43. Nxc6 h4 44. Kxh4 Bxg6 45. Nxa7 Ke7 46. Nb5 Be8 47. Nd4 g6 48. Kg5 Kd6 49. f5 gxf5 50. Kxf5 Kd5 51. Nc2 Bd7+ 52. Kf4 Be8 53. Ne3+ Kc5 54. Ke5 1/2-1/2

[Event "MGL-ch (Women)"]
[Site "Ulaanbaatar"]
[Date "2009.04.15"]
[Round "5"]
[White "Sarantungalag, Sengeebaatar"]
[Black "Lkhamsuren, Uuganbayar"]
[Result "0-1"]
[WhiteElo "2015"]
[BlackElo "2038"]
[PlyCount "92"]
[EventDate "2009.04.11"]
[EventType "tourn"]
[EventRounds "13"]
[EventCountry "MGL"]
[SourceTitle "CBM 130 Extra"]
[Source "ChessBase"]
[SourceDate "2009.07.02"]
[SourceVersion "2"]
[SourceVersionDate "2009.07.15"]
[SourceQuality "1"]

1. e4 e6 2. d4 d5 3. Nd2 Nf6 4. e5 Nfd7 5. Bd3 c5 6. c3 Nc6 7. Ne2 cxd4 8. cxd4 Qb6 9. Nf3 f6 10. exf6 Nxf6 11. 0-0 Bd6 12. a3 0-0 13. b4 e5 14. dxe5 Nxe5 15. Nfd4 Nfg4 16. h3 Nxd3 17. Qxd3 Ne5 18. Qb5 Qxb5 19. Nxb5 Bb8 20. Rd1 Nc4 21. Rxd5 Be5 22. Nbd4 b6 23. f4 Bf6 24. Ra2 Bb7 25. Rd7 Rab8 26. Rc2 b5 27. Ne6 Rfe8 28. Nc5 Bc8 29. Rxa7 Bf5 30. Rxc4 Rxe2 31. Kf1 Ree8 32. g4 bxc4 33. gxf5 Bc3 34. Ne6 Ra8 35. Rc7 Rac8 36. Rd7 g6 37. Kf2 gxf5 38. Ng5 Bg7 39. b5 c3 40. b6 Red8 41. Rxd8+ Rxd8 42. a4 Bd4+ 43. Ke2 Bxb6 44. Nf3 c2 45. Nd2 Rd4 46. Nb3 Rxa4 0-1